| 000 | 00345 a2200133 4500 | ||
|---|---|---|---|
| 090 |
_c3952 _d3952 |
||
| 100 | _aAlpha C Chiang | ||
| 245 | _aFundamental Methods of Mathematical Economics | ||
| 250 | _a3rd ed | ||
| 260 |
_aIslamabad _bNational Book Foundation _c1997 |
||
| 300 | _a788p. | ||
| 500 | _aPapercover | ||
| 942 |
_aNBS _cBK _k330.0151 CHI |
||
| 999 |
_c346412 _d346412 |
||